Prose models / (Record no. 1814)

MARC details
000 -LEADER
fixed length control field 00637cam a2200205 4500
001 - CONTROL NUMBER
control field 2281
005 - DATE AND TIME OF LATEST TRANSACTION
control field 20181127164858.0
008 - FIXED-LENGTH DATA ELEMENTS--GENERAL INFORMATION
fixed length control field 780517s1978 nyu b 001 0 eng
010 ## - LIBRARY OF CONGRESS CONTROL NUMBER
LC control number 77083616
020 ## - INTERNATIONAL STANDARD BOOK NUMBER
International Standard Book Number 0155722786
100 1# - MAIN ENTRY--PERSONAL NAME
Personal name Levin, Gerald Henry,
Dates associated with a name 1929-
245 10 - TITLE STATEMENT
Title Prose models /
Statement of responsibility, etc. Gerald Levin.
250 ## - EDITION STATEMENT
Edition statement 4th ed.
260 ## - PUBLICATION, DISTRIBUTION, ETC.
Place of publication, distribution, etc. New York :
Name of publisher, distributor, etc. Harcourt Jovanovich,
Date of publication, distribution, etc. c1978.
300 ## - PHYSICAL DESCRIPTION
Extent xv, 427 p. ;
Dimensions 22 cm.
504 ## - BIBLIOGRAPHY, ETC. NOTE
Bibliography, etc. note Includes bibliographical references and index.
650 #0 - SUBJECT ADDED ENTRY--TOPICAL TERM
Topical term or geographic name entry element College readers.
Topical term or geographic name entry element English language
General subdivision Rhetoric
Form subdivision Problems, exercises, etc.
Topical term or geographic name entry element Report writing
Form subdivision Problems, exercises, etc.
Holdings
Withdrawn status Lost status Source of classification or shelving scheme Damaged status Not for loan Collection code Home library Current library Shelving location Serial Enumeration / chronology Inventory number Total Checkouts Full call number Barcode Date last seen Price effective from Koha item type
    Dewey Decimal Classification     Main TEST RTC Library RTC Library Main opac 666   808.042 LEV 30000967 27/11/2018 27/11/2018 Main
Royal Thimphu College || All Right Reserved